50 Greatest Upsets In College Football History - Statistics

General Stats
  • This quiz has been taken 199 times
  • The average score is 20 of 50
Answer Stats
Nickname For The Game Year Winner Loser % Correct
- 1996 Texas Nebraska
75%
- 1969 Michigan Ohio State
73%
- 2000 Oklahoma Florida State
66%
- 2007 Navy Notre Dame
63%
- 1950 Navy Army
63%
1971 Rose Bowl 1971 Stanford Ohio State
61%
- 2007 Stanford USC
61%
- 1990 Stanford Notre Dame
61%
- 1976 UCLA Ohio State
61%
- 2006 UCLA USC
61%
- 1957 Notre Dame Oklahoma
58%
- 2009 Washington USC
56%
- 2001 Boise State Fresno State
55%
- 2006 Boise State Oklahoma
55%
- 2007 Appalachian State
53%
- 2002 Ohio State Miami (FL)
52%
- 1975 Kansas Oklahoma
51%
- 2005 TCU Oklahoma
51%
- 2008 Texas Tech Texas
51%
- 1993 Boston College Notre Dame
49%
- 2008 Oregon State USC
49%
- 1985 Oregon State Washington
49%
- 1998 Michigan State Ohio State
48%
- 1993 LSU Alabama
47%
- 1996 Arizona State Nebraska
46%
- 1994 Colorado Michigan
46%
- 2008 Utah Alabama
43%
- 2003 Kansas State Oklahoma
41%
- 1982 California Stanford
39%
- 2002 Georgia Tech NC State
39%
- 1981 Georgia Tech Alabama
39%
- 1924 Illinois Michigan
39%
- 2008 Ole Miss Florida
37%
- 2004 Mississippi State Florida
36%
- 2007 Syracuse Louisville
36%
- 2007 Pittsburgh West Virginia
35%
- 1998 NC State Florida State
25%
- 1982 Tulane LSU
23%
- 1999 Cincinnati Wisconsin
20%
- 1998 Temple Virginia Tech
19%
- 2010 James Madison Virginia Tech
17%
- 1947 Columbia Army
15%
- 2007 East Carolina Boise State
15%
- 1999 Louisiana Tech Alabama
15%
- 1989 Southern Miss Florida State
15%
- 1986 Miami(Ohio) LSU
9%
- 1942 Holy Cross Boston College
8%
- 2010 Jacksonville State Ole Miss
6%
- 1926 Carnegie Tech Notre Dame
3%
- 1921 Centre College Harvard
3%
No matching quizzes found
Score Distribution
Percent of People with Each Score
Percentile by Number Answered
Your Score History
You have not taken this quiz